| 000 | 00471nam a22001697a 4500 | ||
|---|---|---|---|
| 005 | 20230821105947.0 | ||
| 008 | 230818b |||||||| |||| 00| 0 eng d | ||
| 020 | _a978-93-5025-351-9 | ||
| 041 | _aeng | ||
| 082 | _a617.1 STA-E | ||
| 100 |
_aSTARKEY, CHAD AND BROWN, SARA D; &RYAN, JEFFREY L. _98102 |
||
| 245 | _aEXAMINATION OF ORTHOPEDIC AND ATHLETIC INJURIES | ||
| 260 |
_aPHILADELPHIA _bF. A. DAVIS _c2011 |
||
| 300 | _a3RD ED. | ||
| 650 |
_aBPT _98103 |
||
| 942 | _cBK | ||
| 999 |
_c8385 _d8383 |
||